000 00432nam a2200181Ia 4500
008 230524s9999 xx 000 0 und d
020 _a0070499020
082 _a5.133
_bLON
100 _aKevin Lony
245 0 _aOracle 9i The Complete Reference
250 _a1ST
260 _aNEW DELHI
_bTMH
_c2005
300 _aXXXIII;1268
500 _aQuantity Number: 5
650 _aComp-Sc
700 _a George Koch
942 _cBK
999 _c19559
_d19559